Bolígraf amb el logotip corporatiu de la Diputació de Barcelona en un estoig negre rígid

Publicat: [Barcelona] : [Diputació de Barcelona], [s.a.]
Descripció física: 1 bolígraf

MARC

LEADER 00000nrm a2200000Ia 4500
001 24464
008 160829s9999 xx 000 0 cat d
080 |a NBM-11-5 
245 |a Bolígraf amb el logotip corporatiu de la Diputació de Barcelona en un estoig negre rígid  |h [Bolígraf] 
260 |a [Barcelona] :  |b [Diputació de Barcelona], [s.a.] 
300 |a 1 bolígraf 
500 |a Títol facilitat pel catalogador 
590 |a El bolígraf està en un estoig negre, juntament amb la pluma estil·logràfica amb el R. 24465 
650 0 |9 53460  |a Bolígrafs 
650 0 |9 54098  |a Objectes publicitaris 
710 1 |a Barcelona (Catalunya : Província).  |b Diputació  |9 52408 
901 |a Arxiu 
942 |n 1  |2 udc 
952 |0 0  |1 0  |4 0  |6 NBM115  |7 1  |9 55155  |a Arxiu  |b Arxiu  |d 2016-12-01  |l 0  |o NBM-11-5  |p 24464  |r 2016-12-01 00:00:00  |w 2016-12-01  |y ARXIU 
999 |c 59027  |d 59027